Responses for Show #3391 - Monday, May 10, 1999

1999 College Championship semifinal game 1.
From the Rosemont Theatre in Rosemont, Illinois.

Contestants

[<< previous game]

Josh Levy, a senior at the University of Pennsylvania from Bethesda, Maryland

Whitney Owens, a senior at Northwestern University from Overland Park, Kansas

Stephen James, a senior at the University of North Texas from Lewisville, Texas

[next game >>]

Jeopardy! Round responses

U.S. CITIES
THE IVY LEAGUE
MOVIE MANIA
KEGLER PARTY
DATE NIGHT
FILL IN THE (BLANK)
    $100 20
(S: What is TNN?)

Nashville

StephenWhitney
    $100 11
Yale

Josh
    $100 2
Ferris Bueller's Day Off

Whitney
    $100 28
Bowling ball

Whitney
    $100 30
Eyes

Josh
    $100 6
Parting

Josh
    $200 21
San Francisco

Josh
    $200 12
Dartmouth

Josh
    $200 5
Cruel Intentions

Josh
    $200 27
St. Louis

Josh
    $200 29
Chanel No. 5

Josh
    $200 7
Lost

Stephen
    $300 22
Boston

Whitney
    $300 13
Cornell

Whitney
    $300 4
Blast from the Past

Josh
    $300 26
Fred Flintstone & Barney Rubble

Josh
    $300 9
Corsage

Josh
    $300 14
Err

Whitney
    $400 23
Reno

Stephen
    $1,500 18
(J: What is Harvard?)

Princeton

Josh
    $400 3
Tom Cruise & Nicole Kidman

Josh
    $400 17
300

Josh
    $400 10
Basil

Josh
    $400 15
(W: What are nets?)

Bread

Whitney
Triple Stumper
    $500 25
Seattle

Josh
    $500 19
Brown

Josh
    $500 1
The Other Sister

Josh
    $500 8
Randy Quaid

Stephen
    $500 24
(about a minute to go...)

Andes

Whitney
    $500 16
Height

Stephen

Scores at the first commercial break (after clue 14):

Stephen Whitney Josh
$700 $700 $2,500

Scores at the end of the Jeopardy! Round:

Stephen Whitney Josh
$1,500 $1,300 $3,400

Double Jeopardy! Round responses

PEOPLE IN HISTORY
FRANK LLOYD WRIGHT
GETTING SCIENTIFIC
WHEN THEY WERE IN COLLEGE
THE SPORTING LIFE
"A"BBREVIATIONS
    $200 25
(minute to go...)

Christmas cards

Stephen
    $200 21
Wisconsin

Whitney
    $200 1
(S: What is blue?)

Red

StephenWhitney
    $200 6
Paul Reiser

Stephen
    $200 11
Houston

Josh
    $200 16
Absent/away without official leave

Josh
    $400 30
Napoleon Bonaparte

Whitney
    $400 22
Tokyo

Josh
    $400 2
Chalk

Josh
    $400 10
Good Will Hunting

Josh
    $400 12
Green Bay Packers

Josh
    $400 17
American Civil Liberties Union

Whitney
    $600 29
Elizabeth I

Josh
    $800 23
Guggenheim

Josh
    $600 3
Copper

Josh
    $600 9
(W: What is Oxford?)

Cambridge

WhitneyJosh
    $600 13
(S: What is 9?)

6

Stephen
Triple Stumper
    $600 18
American Federation of Labor

Josh
    $800 27
(S: Who is Lao Tzu?)

Confucius

StephenWhitney
    $800 24
(Josh: What is Atlas Shrugged?)

The Fountainhead

WhitneyJosh
    $800 4
Cells

Josh
    $800 8
University of Southern California

Josh
    $800 14
Commodores

Josh
    $800 19
American Society for the Prevention of Cruelty to Animals

Josh
    $1000 26
Jonathan Edwards

Josh
    $1000 28
Taliesin

Josh
    $800 5
Zirconium

Josh
    $1000 7
Tulsa

Josh
    $1000 15
Ping-pong

Whitney
    $1000 20
African National Congress

Josh

Scores at the end of the Double Jeopardy! Round:

Stephen Whitney Josh
$300 $4,500 $15,800
(lock game)

[wagering suggestions for these scores]

Final Jeopardy! Round responses

EUROPEAN GOVERNMENT
StephenWhat is Italy ???
$299
WhitneyWhat is Italy?
$4,500
JoshWhat is Italy?
$200
Italy

Final scores:

Stephen Whitney Josh
$599 $9,000 $16,000
3rd place: $5,000 2nd place: $5,000 Finalist

Game dynamics:

Coryat scores:

Stephen Whitney Josh
$300 $4,500 $17,300
6 R,
4 W
14 R,
2 W
37 R
(including 2 DDs),
2 W
(including 1 DD)

Combined Coryat: $22,100

[game clues] [game scores] [suggest correction]

Game tape date: Unknown
The J! Archive is created by fans, for fans. Scraping, republication, monetization, and malicious use prohibited; this site may use cookies and collect identifying information. See terms. The Jeopardy! game show and all elements thereof, including but not limited to copyright and trademark thereto, are the property of Jeopardy Productions, Inc. and are protected under law. This website is not affiliated with, sponsored by, or operated by Jeopardy Productions, Inc. Join the discussion at JBoard.tv.